Hatásos terápia lóháton - alig akarnak leszállni
Elmentve itt :
| Szerző: | |
|---|---|
| Dokumentumtípus: | Cikk |
| Megjelent: |
2007-08-11
|
| Sorozat: | Délmagyarország
97 No. 187 |
| Kulcsszavak: | Szeged, Gyógypedagógia lovasterápia Szeged - Gyálarét, Borostyán-birtok (Szeged - Gyálarét), Szociális gondoskodás értelmi sérült gyerekek |
| Online Access: | http://dmarchiv.bibl.u-szeged.hu/138688 |
| LEADER | 00615nab a2200157 i 4500 | ||
|---|---|---|---|
| 001 | delm138688 | ||
| 005 | 20191219133656.0 | ||
| 008 | 191219s2007 hu o 0|| hun d | ||
| 040 | |a SZTE Délmagyarország Archívum |b hun | ||
| 041 | |a hun | ||
| 100 | 1 | |a Horváth Levente | |
| 245 | 1 | 0 | |a Hatásos terápia lóháton - alig akarnak leszállni |h [elektronikus dokumentum] / |c Horváth Levente |
| 260 | |c 2007-08-11 | ||
| 300 | |a 7 | ||
| 490 | 0 | |a Délmagyarország |v 97 No. 187 | |
| 695 | |a Szeged, Gyógypedagógia lovasterápia Szeged - Gyálarét, Borostyán-birtok (Szeged - Gyálarét), Szociális gondoskodás értelmi sérült gyerekek | ||